Statistics for Beatles Songs by Word in Title

Click here to take the quiz!

General Stats

  • This quiz has been taken 154 times
  • The average score is 11 of 20

Answer Stats

WordSong% Correct
Come Together
91%
Something
89%
DearDear Prudence
86%
BetterGetting Better
76%
RoadThe Long
and Winding Road
70%
BirdAnd Your Bird Can Sing
66%
Martha My Dear
63%
I Should Have
Known Better
61%
ShouldI Should Have
Known Better
58%
BlueBlue Jay Way
55%
HomeShe's Leaving Home
55%
For You Blue
53%
Why Don't We Do It
in the Road?
51%
TogetherAll Together Now
50%
Norwegian Wood
(This Bird Has Flown)
41%
One After 909
37%
When I Get Home
35%
OneFor No One
32%
SomethingEverybody's Got
Something to Hide Except
Me and My Monkey
31%
Your Mother Should Know
28%

Score Distribution

Percentile by Number Answered

Percent of People with Each Score

Your Score History

You have not taken this quiz